Яков Васильевич Бочкарев (Запись № 946100)

Подробности
000 -МАРКЕР
контрольное поле 01762nam0a2200325 4500
001 - ИДЕНТИФИКАТОР ЗАПИСИ
контрольное поле RU\NLR\bibl\469807
005 - ИДЕНТИФИКАТОР ВЕРСИИ
контрольное поле 20260407092456.0
021 ## - НОМЕР ГОСУДАРСТВЕННОЙ РЕГИСТРАЦИИ
Код страны Российская Федерация
Номер 2004-46401
Номер Листа государственной регистраци 2296
035 ## - ДРУГИЕ СИСТЕМНЫЕ НОМЕРА
Идентификатор записи (NLR Aleph) 000463055
100 ## - ДАННЫЕ ОБЩЕЙ ОБРАБОТКИ
Данные общей обработки 20031208d2003 |||y0rusy50 ca
101 0# - ЯЗЫК РЕСУРСА
Язык текста, звукозаписи и т.д. русский
102 ## - СТРАНА ПУБЛИКАЦИИ ИЛИ ПРОИЗВОДСТВА
Страна публикации Российская Федерация
105 ## - ПОЛЕ КОДИРОВАННЫХ ДАННЫХ: ТЕКСТОВЫЕ МАТЕРИАЛЫ, МОНОГРАФИЧЕСКИЕ
Кодированные данные о монографическом текстовом документе y |||||||||
200 1# - ЗАГЛАВИЕ И СВЕДЕНИЯ ОБ ОТВЕТСТВЕННОСТИ
Основное заглавие Яков Васильевич Бочкарев
Первые сведения об ответственности Рос. акад. с.-х.н., Гос. науч. учреждение "Всерос.НИИ гидротехники и меоиорации им. А.Н. Костякова". Мещер. фил.
Последующие сведения об ответственности [Сост.: Ю.А. Мажайский, Д.П. Гостищев
-- Ред. С.А. Ардашева
-- Авт. вступ. ст. Ю.А. Мажайский]
210 ## - ПУБЛИКАЦИЯ, РАСПРОСТРАНЕНИЕ И ДР.
Место издания, распространения и т.д. М.
Имя издателя, распространителя и т. д. ВНИИГиМ. МФ
Дата издания, распространения и т.д. 2003
215 ## - ФИЗИЧЕСКАЯ ХАРАКТЕРИСТИКА
Специфическое обозначение материала и объем 63 с.
Размеры 21
225 1# - СЕРИЯ
Основное заглавие серии Материалы к биобиблиографии деятелей сельскохозяйственной и мелиоративной науки
320 ## - ПРИМЕЧАНИЯ О НАЛИЧИИ В ДОКУМЕНТЕ БИБЛИОГРАФИИ / УКАЗАТЕЛЯ
Текст примечания Алф. указ. тр.: с. 41-63
600 #1 - ИМЯ ЛИЦА КАК ПРЕДМЕТ
Начальный элемент ввода Бочкарев
Часть имени, кроме начального элемента ввода Я.В.
Даты 1928 - 2003
Расширение инициалов личного имени Яков Васильевич
Формальный подзаголовок Биобиблиография
Системный номер авторитетной/нормативной записи 2332409
Идентификатор авторитетной/нормативной записи RU\NLR\auth\661394679
686 ## - ИНДЕКСЫ ДРУГИХ КЛАССИФИКАЦИЙ
Индекс П06д(2)Бочкарев я15
702 #1 - ИМЯ ЛИЦА - ВТОРИЧНАЯ ОТВЕТСТВЕННОСТЬ
Код отношения Составитель
Материалы, к которым относится поле rus
Графика поля Кириллица
Начальный элемент ввода Мажайский
Часть имени, кроме начального элемента ввода Ю. А.
Расширение инициалов личного имени Юрий Анатольевич
Идентификатор авторитетной/нормативной записи RU\NLR\auth\7772531
Системный номер авторитетной/нормативной записи 55459
702 #1 - ИМЯ ЛИЦА - ВТОРИЧНАЯ ОТВЕТСТВЕННОСТЬ
Начальный элемент ввода Ардашева
Часть имени, кроме начального элемента ввода С. А.
Код отношения Редактор
712 02 - НАИМЕНОВАНИЕ ОРГАНИЗАЦИИ - ВТОРИЧНАЯ ОТВЕТСТВЕННОСТЬ
Код отношения Прочие
Начальный элемент ввода Всероссийский НИИ гидротехники и мелиорации им. А. Н. Костякова
Структурное подразделение Мещерский филиал
Идентификатор авторитетной/нормативной записи RU\NLR\AUTH\8810050358
Системный номер авторитетной/нормативной записи 600863
801 #0 - ИСТОЧНИК ЗАПИСИ
Страна Российская Федерация
Организация NLR
Дата составления 20031208
Правила каталогизации PSBO
801 #1 - ИСТОЧНИК ЗАПИСИ
Страна Российская Федерация
Организация NLR
Дата составления 20031208
830 ## - ОБЩЕЕ ПРИМЕЧАНИЕ, СОСТАВЛЕННОЕ КАТАЛОГИЗАТОРОМ
Текст примечания Сост. по кн.
942 ## - ДОПОЛНИТЕЛЬНЫЕ ЭЛЕМЕНТЫ ЗАПИСИ (АБИС)
Тип экземпляра АБИС Книга
980 ## - КОЛЛЕКЦИЯ
Название коллекции Национальная библиография
Экземпляры
Тип экземпляра Дата поступления Источник поступления Библиотека постоянного хранения Библиотека текущего хранения Место хранения Шифр хранения Штрих-код Статус экземпляра
Книга 08.12.2003 Контрольный экземпляр из типографии РНБ (Московский) РНБ (Московский) Центральная справочная библиотека С 2003-2/555 1-905058  
Книга 15.09.2004 Обязательный экземпляр РНБ (Московский) РНБ (Московский) Центральная справочная библиотека С 2003-2/555 1-905062  
Книга 15.09.2004 Обязательный экземпляр РНБ (Московский) РНБ (Московский) Обменный фонд   751468